[Event "26th WSCC 2016 Open 65+"]
[Site "Marianske Lazne, Czech Republi"]
[Date "2016.11.30"]
[Round "11.68"]
[White "Gamboa Gonzalez, Anibal"]
[Black "Degtiarev, Viktor"]
[Result "1-0"]
[WhiteElo "2040"]
[BlackElo "1823"]
[PlyCount "81"]
[EventDate "2016.11.19"]

1. b3 d5 2. Bb2 c5 3. e3 Nc6 4. f4 a6 5. Nf3 Qc7 6. Be2 f6 7. O-O Nh6 8. c4 e6
9. Nc3 d4 10. Ne4 e5 11. fxe5 fxe5 12. Neg5 Be7 13. Bd3 g6 14. Be4 Bg4 15. Qe1
O-O-O 16. Qh4 Bxf3 17. Rxf3 Bxg5 18. Qxg5 Nf7 19. Qf6 Nh6 20. Raf1 Rhg8 21.
Bxc6 bxc6 22. Ba3 dxe3 23. dxe3 Ng4 24. Qe6+ Qd7 25. Qxd7+ Rxd7 26. h3 Nh6 27.
g4 e4 28. Rf6 Kc7 29. Bxc5 Re8 30. R1f2 Rg7 31. Bf8 Rxf8 32. Rxf8 Re7 33. R2f6
Kb7 34. Kf2 Kb6 35. b4 a5 36. b5 Rc7 37. Kg3 Kc5 38. Rxc6+ Rxc6 39. bxc6 Kxc6
40. Kf4 Kc5 41. Kg5 1-0

[Event "26th WSCC 2016 Open 65+"]
[Site "Marianske Lazne, Czech Republi"]
[Date "2016.11.30"]
[Round "11.69"]
[White "=/+, Klaus"]
[Black "Bakalar, Jan"]
[Result "1-0"]
[WhiteElo "1934"]
[BlackElo "2033"]
[PlyCount "115"]
[EventDate "2016.11.19"]

1. d3 d6 2. Nd2 g6 3. g3 Bg7 4. Bg2 e5 5. e4 c6 6. Ne2 Ne7 7. O-O O-O 8. f4 d5
9. h3 exf4 10. gxf4 dxe4 11. dxe4 f5 12. e5 Be6 13. c3 Kh8 14. Qe1 Ng8 15. Nd4
Bc8 16. N2f3 h6 17. Be3 Na6 18. Rd1 Qe7 19. Nh4 Kh7 $11 20. Qg3 Qe8 21. Rfe1
Ne7 22. Ndf3 Be6 23. Rd6 Nd5 24. Nd4 Ndc7 25. Qxg6+ Qxg6 26. Nxg6 Rfe8 27. Nh4
Bf8 28. Bf2 Bxa2 29. Rd7+ Kg8 30. Kh2 Re7 31. Rxe7 Bxe7 32. Nhxf5 Bf8 33. Rg1
Kh8 34. Bh4 Bd5 35. Bf6+ Kh7 36. Ne3 Bxg2 37. Rxg2 c5 38. Ndf5 Ne6 39. Nd5 c4
40. Bh4 Bg7 41. Nde7 Rf8 42. Nxg7 Nxg7 43. Bf6 Nh5 44. Nd5 Rg8 45. Rxg8 Kxg8
46. Be7 Ng7 47. Bd6 Nf5 48. Ne7+ Nxe7 49. Bxe7 Nc7 50. Kg3 Nd5 51. Bd6 b5 52.
Kf3 a5 53. Ke4 Nb6 54. e6 Na4 55. f5 Kg7 56. Be5+ Kf8 57. f6 Nc5+ 58. Kd5 1-0

[Event "26th WSCC 2016 Open 65+"]
[Site "Marianske Lazne, Czech Republi"]
[Date "2016.11.30"]
[Round "11.70"]
[White "Hocevar, Nikola"]
[Black "Bondar, Leonid"]
[Result "1/2-1/2"]
[WhiteElo "1910"]
[BlackElo "2019"]
[PlyCount "32"]
[EventDate "2016.11.19"]

1. Nf3 Nf6 2. g3 g6 3. Bg2 Bg7 4. O-O d5 5. d4 O-O 6. b3 Ne4 7. Bb2 c6 8. Nbd2
Nxd2 9. Qxd2 Nd7 10. Rac1 Nf6 11. Ne5 Ng4 12. Nxg4 Bxg4 13. h3 Be6 14. Kh2 h6
15. e3 Kh7 16. Rcd1 Qd7 $11 1/2-1/2

[Event "26th WSCC 2016 Open 65+"]
[Site "Marianske Lazne, Czech Republi"]
[Date "2016.11.30"]
[Round "11.71"]
[White "Marsina, Stefan"]
[Black "Racek, Jiri"]
[Result "1/2-1/2"]
[WhiteElo "1910"]
[BlackElo "2018"]
[PlyCount "26"]
[EventDate "2016.11.19"]

1. c4 Nf6 2. Nf3 e6 3. d4 d5 4. Nc3 Be7 5. Bf4 c6 6. e3 O-O 7. cxd5 exd5 8. Bd3
Re8 9. O-O Bg4 10. Qc2 Bxf3 11. gxf3 Nbd7 12. Kh1 Nf8 13. Rg1 Nh5 $11 1/2-1/2

[Event "26th WSCC 2016 Open 65+"]
[Site "Marianske Lazne, Czech Republi"]
[Date "2016.11.30"]
[Round "11.72"]
[White "Harding, Tim D"]
[Black "Horyna, Josef"]
[Result "1-0"]
[WhiteElo "2015"]
[BlackElo "1746"]
[PlyCount "115"]
[EventDate "2016.11.19"]

1. e4 e6 2. d4 d5 3. Nc3 Nf6 4. e5 Nfd7 5. f4 c5 6. Nf3 Nc6 7. Be3 cxd4 8. Nxd4
Nxd4 9. Bxd4 a6 10. Be2 Bc5 11. Bxc5 Nxc5 12. Qd4 Qc7 13. f5 Nd7 14. fxe6 fxe6
15. O-O-O Qxe5 16. Qb4 Qg5+ 17. Kb1 Qe7 18. Qxe7+ Kxe7 19. Rhe1 Nf6 20. Bf3 Kf7
21. g4 h6 22. Na4 b5 23. Nc5 Ra7 24. h4 Rc7 25. b4 g5 26. Rh1 Rh7 27. Nd3 Kg8
28. Ne5 Nd7 29. Rde1 Nxe5 30. Rxe5 Rc4 31. hxg5 Rxb4+ 32. Kc1 hxg5 33. Rxg5+
Kh8 34. Re1 Bd7 35. Be2 Rf4 36. Bd3 Rh4 37. Rg1 a5 38. Kb2 b4 39. a3 bxa3+ 40.
Kxa3 Ra4+ 41. Kb3 Rf4 42. Kc3 Rf8 43. Kd4 Rg8 44. Rxg8+ Kxg8 45. Ke5 Kf7 46.
Kd6 Bc8 47. g5 a4 48. g6+ Kg7 49. Rf1 a3 50. Rf7+ Kg8 51. Ra7 e5 52. Kxe5 Bh3
53. Rxa3 Bg2 54. Ra8+ Kg7 55. Ra7+ Kg8 56. Kf6 Rf4+ 57. Bf5 d4 58. Kg5 1-0

[Event "26th WSCC 2016 Open 65+"]
[Site "Marianske Lazne, Czech Republi"]
[Date "2016.11.30"]
[Round "11.73"]
[White "Gerhard, Walter"]
[Black "Kopecek, Ivan"]
[Result "1-0"]
[WhiteElo "2014"]
[BlackElo "1910"]
[PlyCount "105"]
[EventDate "2016.11.19"]

1. d4 Nf6 2. Nf3 e6 3. g3 d5 4. c4 Be7 5. Bg2 O-O 6. Qc2 c6 7. Nbd2 Nbd7 8. O-O
b6 9. e4 dxe4 10. Nxe4 Nxe4 11. Qxe4 Bb7 12. Bf4 Nf6 13. Qc2 Rc8 14. Rfd1 Nh5
15. Be3 Qc7 16. Ng5 g6 17. Qe4 Qd8 18. h4 Rc7 19. Qc2 Ng7 20. Ne4 Rd7 21. c5
Nf5 22. b4 Nxe3 23. fxe3 Qc7 24. Qf2 f5 25. Nc3 bxc5 26. dxc5 Rfd8 27. Rxd7
Rxd7 28. Rd1 Rxd1+ 29. Nxd1 a5 30. a3 axb4 31. axb4 Ba6 32. Qa2 Qc8 33. Nf2 Kf7
34. Kh2 Qb7 35. Qd2 Qc7 36. Kh3 e5 37. Qa2+ Kg7 38. Qxa6 f4 39. Qxc6 Qd8 40.
exf4 exf4 41. Qd5 Qc8+ 42. g4 h5 43. Qd4+ Bf6 44. Qxf4 Qe6 45. Bf3 Qe1 46. Qg3
Be5 47. Qg2 hxg4+ 48. Nxg4 Bf4 49. b5 g5 50. hxg5 Qe8 51. Nf6 Qc8+ 52. Qg4 Qb8
53. Nh5+ 1-0

[Event "26th WSCC 2016 Open 65+"]
[Site "Marianske Lazne, Czech Republi"]
[Date "2016.11.30"]
[Round "11.74"]
[White "Doubleday, William G"]
[Black "Gudashvili, Gavazi"]
[Result "0-1"]
[WhiteElo "2013"]
[BlackElo "1617"]
[PlyCount "146"]
[EventDate "2016.11.19"]

1. d4 d5 2. c4 c6 3. e3 Nf6 4. Nc3 e6 5. Nf3 Bb4 6. Qc2 Bxc3+ 7. Qxc3 O-O 8.
Bd3 Re8 9. O-O Nbd7 10. Qc2 e5 11. dxe5 Nxe5 12. Nxe5 Rxe5 13. b3 dxc4 14. bxc4
h6 15. Rd1 Qc7 16. Bb2 Re6 17. Qc3 Qe5 18. Be2 Re8 19. Rd4 Be6 20. Rad1 Qc7 21.
Qd2 c5 22. Rf4 Rad8 23. Qc3 Rxd1+ 24. Bxd1 Rd8 25. Bf3 b6 26. h3 Ne8 27. Bc6
Nf6 28. Bf3 Rd6 29. Qe5 Ne8 30. Bd5 f6 31. Qe4 Qf7 32. Bxe6 Qxe6 33. Qc2 Qd7
34. Kh2 Rd2 35. Qc3 Qd3 36. e4 Qxc3 37. Bxc3 Rc2 38. Rf3 Rxa2 39. e5 Kf7 40.
exf6 Nxf6 41. Bxf6 gxf6 42. g4 Ra4 43. Rc3 a5 44. Kg3 Rb4 45. f3 a4 46. Kf2 Rb3
47. Rc1 a3 48. Ra1 Ke6 49. Re1+ Kd6 50. h4 a2 51. Ra1 Ra3 52. f4 Rc3 53. g5
fxg5 54. hxg5 hxg5 55. fxg5 Rxc4 56. Rxa2 Rg4 57. Ke3 Kd5 58. Kd3 Kc6 59. Ra8
Kb5 60. Kc3 Rg3+ 61. Kb2 Kb4 62. Rh8 c4 63. Rh4 Rg2+ 64. Kc1 b5 65. Rh3 c3 66.
Rf3 Kc4 67. Rf4+ Kb3 68. Rf1 b4 69. Rh1 Rc2+ 70. Kb1 Rb2+ 71. Ka1 Ra2+ 72. Kb1
c2+ 73. Kc1 Ra1+ 0-1

[Event "26th WSCC 2016 Open 65+"]
[Site "Marianske Lazne, Czech Republi"]
[Date "2016.11.30"]
[Round "11.75"]
[White "Marcovici, Adrian"]
[Black "Hanisch, Friedrich"]
[Result "1/2-1/2"]
[WhiteElo "1906"]
[BlackElo "2160"]
[PlyCount "55"]
[EventDate "2016.11.19"]

1. e4 e6 2. d4 d5 3. Nd2 Nf6 4. e5 Nfd7 5. f4 c5 6. c3 Nc6 7. Ndf3 cxd4 8. cxd4
a5 9. Bd3 a4 10. Ne2 Nb6 11. O-O Bd7 12. Bd2 Nb4 13. Bxb4 Bxb4 14. a3 Be7 15.
Nc3 Nc4 16. Bxc4 dxc4 17. Qe2 b5 18. Rad1 Qb6 19. Kh1 Bc6 20. d5 Bxd5 21. Nxd5
exd5 22. Rxd5 O-O 23. Rfd1 Rad8 24. h3 Qh6 25. f5 Rxd5 26. Rxd5 Rd8 27. Qe4 Re8
28. Rd7 $11 1/2-1/2

[Event "26th WSCC 2016 Open 65+"]
[Site "Marianske Lazne, Czech Republi"]
[Date "2016.11.30"]
[Round "11.76"]
[White "Mlynek, Petr"]
[Black "Abel, Hans-Peter"]
[Result "1/2-1/2"]
[WhiteElo "2139"]
[BlackElo "1923"]
[PlyCount "40"]
[EventDate "2016.11.19"]

1. d4 d5 2. c4 Nf6 3. cxd5 Nxd5 4. e4 Nb6 5. Nc3 g6 6. Be3 Bg7 7. h3 O-O 8. f4
e6 9. Nf3 f5 10. Be2 c6 11. O-O fxe4 12. Nxe4 Nd5 13. Qd2 Nd7 14. Bc4 N7b6 15.
b3 Nxe3 16. Qxe3 Nd5 17. Bxd5 exd5 18. Nc5 Qd6 19. Ne5 b6 20. Ncd3 Ba6 $11
1/2-1/2

[Event "26th WSCC 2016 Open 65+"]
[Site "Marianske Lazne, Czech Republi"]
[Date "2016.11.30"]
[Round "11.77"]
[White "Ricter, Jean-Paul"]
[Black "El Gheiadi, I."]
[Result "1-0"]
[WhiteElo "2108"]
[BlackElo "1918"]
[PlyCount "133"]
[EventDate "2016.11.19"]

1. e4 d5 2. exd5 Qxd5 3. Nc3 Qa5 4. d4 c6 5. Bc4 Nf6 6. Nf3 Bf5 7. Bd2 e6 8.
Nd5 Qd8 9. Ne3 Bg6 10. Qe2 Be7 11. O-O-O Nbd7 12. g4 Nb6 13. Ba5 Qd6 14. Bb3
Nbd5 15. Ne5 b6 16. Bd2 a5 17. Nxg6 fxg6 18. Nc4 Qd7 19. Ne5 Qc7 20. g5 Nh5 21.
c4 Ndf4 22. Qg4 a4 23. Bc2 O-O 24. h4 Bd6 25. Rhe1 b5 26. Re4 Bxe5 27. dxe5 Qf7
28. Be3 a3 29. b3 bxc4 30. Rxc4 Rac8 31. Rd6 Nd5 32. Qxe6 Qxe6 33. Rxe6 Nxe3
34. fxe3 Rf1+ 35. Kd2 c5 36. Ra4 Rh1 37. Rd6 c4 38. bxc4 Rxh4 39. Bb3 Kf8 40.
e6 Ng3 41. Rb6 Rh2+ 42. Kc3 Ne4+ 43. Kb4 Nc5 44. Ra5 Nxb3 45. axb3 a2 46. Rb7
Re8 47. Rb6 Rh5 48. Rba6 Rb8+ 49. Kc3 Rb7 50. Re5 Ke7 51. c5 h6 52. Rxa2 hxg5
53. Rf2 Ke8 54. b4 g4 55. Re4 Re7 56. Kd4 Rf5 57. Rg2 Rf6 58. Rgxg4 Rfxe6 59.
Rxe6 Rxe6 60. e4 Kd7 61. Kd5 Rf6 62. e5 Rf2 63. Rd4 Rf5 64. b5 Rh5 65. b6 Kc8
66. Kc6 Rh8 67. Ra4 1-0

[Event "26th WSCC 2016 Open 65+"]
[Site "Marianske Lazne, Czech Republi"]
[Date "2016.11.30"]
[Round "11.78"]
[White "Bernardo Jimenez, Fernando"]
[Black "Mueller, Lutz"]
[Result "0-1"]
[WhiteElo "1926"]
[BlackElo "2070"]
[PlyCount "96"]
[EventDate "2016.11.19"]

1. d4 g6 2. Nf3 Bg7 3. e4 d6 4. Bd3 c6 5. O-O Nf6 6. h3 O-O 7. c3 Qc7 8. Be3 e5
9. Nbd2 Nbd7 10. Re1 Re8 11. Qc2 Nf8 12. Rad1 Ne6 13. dxe5 dxe5 14. Nf1 Nh5 15.
Ng3 Nhf4 16. Bf1 h6 17. Kh2 Ng5 18. Nxg5 hxg5 19. Ne2 Bf6 20. g3 Ne6 21. Bg2
Kg7 22. Rh1 b6 23. Rd2 Rh8 24. Qd1 Nf4 25. Bxf4 gxf4 26. Ng1 Be6 27. Nf3 g5 28.
Kg1 Rad8 29. b3 Qc8 30. g4 Rxd2 31. Qxd2 Rd8 32. Qc2 Kg6 33. Kh2 Qd7 34. Rc1
Bg7 35. Kg1 f6 36. Bf1 Bf8 37. Be2 a5 38. Rd1 Qe7 39. Rxd8 Qxd8 40. Qd2 Qe7 41.
Bc4 Bxc4 42. bxc4 Kf7 43. Kg2 Ke8 44. h4 Qe6 45. Kh3 Qxc4 46. Qc2 Qf1+ 47. Kh2
Bc5 48. hxg5 Bxf2 0-1

[Event "26th WSCC 2016 Open 65+"]
[Site "Marianske Lazne, Czech Republi"]
[Date "2016.11.30"]
[Round "11.79"]
[White "Prachar, Josef"]
[Black "Hjertenes, Oystein"]
[Result "1/2-1/2"]
[WhiteElo "1918"]
[BlackElo "2060"]
[PlyCount "81"]
[EventDate "2016.11.19"]

1. d4 g6 2. c4 Bg7 3. Nc3 d6 4. e4 Nd7 5. Be3 e5 6. d5 Nh6 7. f3 f6 8. Qd2 Nf7
9. Bd3 Nc5 10. Bc2 a5 11. b3 f5 12. Nge2 f4 13. Bf2 O-O 14. Nc1 Bd7 15. Nd3 b6
16. Nxc5 dxc5 17. a4 Nd6 18. Ke2 g5 19. h3 h5 20. Raf1 Qf6 21. Bd3 Kf7 22. Kd1
Rh8 23. Qe1 Qe7 24. Kc2 Bf6 25. Qd1 Rag8 26. Be2 Rg7 27. Kb2 Rhg8 28. Be1 Ke8
29. Ka2 Kd8 30. Bf2 Kc8 31. Be1 Kb7 32. Kb1 Qf7 33. Bf2 Qg6 34. Qd3 g4 35. hxg4
hxg4 36. Rfg1 g3 37. Be1 Rh7 38. Rxh7 Qxh7 39. Bd1 Qh2 40. Qf1 Rh8 41. Bc2 $11
1/2-1/2

[Event "26th WSCC 2016 Open 65+"]
[Site "Marianske Lazne, Czech Republi"]
[Date "2016.11.30"]
[Round "11.80"]
[White "Ilyes, Peter"]
[Black "Kratschmer, Heinz"]
[Result "1-0"]
[WhiteElo "1892"]
[BlackElo "2008"]
[PlyCount "67"]
[EventDate "2016.11.19"]

1. Nf3 Nf6 2. d3 d5 3. g3 Nc6 4. Nbd2 e5 5. e4 Bc5 6. Bg2 O-O 7. O-O h6 8. Re1
Ng4 9. Re2 Be6 10. h3 Nf6 11. exd5 Nxd5 12. Nxe5 Nxe5 13. Rxe5 Qd6 14. Nc4 Qd7
15. Qh5 Nf6 16. Qh4 Bd4 17. Re1 Rad8 18. c3 Bc5 19. Ne5 Qb5 20. d4 Be7 21. Bf1
Qb6 22. Bd3 Qd6 23. Bxh6 Ng4 24. Bg5 f5 25. Bxe7 Nxe5 26. Bxd6 Nf3+ 27. Kf1
Nxh4 28. Bxf8 Bd5 29. Be7 Bg2+ 30. Kg1 Nf3+ 31. Kxg2 Nxe1+ 32. Rxe1 Re8 33.
Bxf5 Kf7 34. f4 1-0

[Event "26th WSCC 2016 Open 65+"]
[Site "Marianske Lazne, Czech Republi"]
[Date "2016.11.30"]
[Round "11.81"]
[White "Pokora, Lubomir"]
[Black "Pitzl, Konstantinos"]
[Result "1/2-1/2"]
[WhiteElo "1895"]
[BlackElo "2004"]
[PlyCount "37"]
[EventDate "2016.11.19"]

1. c4 Nf6 2. Nc3 g6 3. g3 Bg7 4. Bg2 O-O 5. d3 d6 6. e4 c6 7. Nge2 e5 8. O-O
Nbd7 9. h3 Nh5 10. g4 Nhf6 11. Ng3 Nc5 12. Be3 Ne6 13. Nce2 d5 14. Qc2 d4 15.
Bd2 Nd7 16. f4 exf4 17. Nxf4 Nxf4 18. Bxf4 Ne5 19. b4 $11 1/2-1/2

[Event "26th WSCC 2016 Open 65+"]
[Site "Marianske Lazne, Czech Republi"]
[Date "2016.11.30"]
[Round "11.83"]
[White "Krstic, Slobodan"]
[Black "Baumann, Hanspeter"]
[Result "1-0"]
[WhiteElo "1993"]
[BlackElo "1911"]
[PlyCount "113"]
[EventDate "2016.11.19"]

1. e4 d5 2. exd5 Nf6 3. Bb5+ Bd7 4. Bc4 b5 5. Bb3 Bg4 6. f3 Bc8 7. a4 b4 8. Qe2
Nxd5 9. Qe4 e6 10. Ne2 Be7 11. d3 c6 12. Nd2 O-O 13. Nc4 Nd7 $11 14. a5 N7f6
15. Qd4 c5 16. Qf2 Qc7 17. Ng3 Ba6 18. Ne4 Bb5 19. O-O Nf4 20. Re1 N6d5 21. Kh1
Rac8 22. g3 Nh5 23. Bd2 h6 24. Qg2 Be8 25. Nf2 Nhf6 26. Ne5 Bd6 27. Nc4 Be7 28.
Ba4 a6 29. Bxe8 Rfxe8 30. Qh3 Nh7 31. Ne5 Bd6 32. Nc4 Be7 33. Ng4 Ng5 34. Qg2
Nh7 35. Nge5 Bf6 36. Ng4 Be7 37. Re2 Nhf6 38. Nge5 Nd7 39. Qh3 Nxe5 40. Nxe5
Bf6 41. Ng4 Bd4 42. Rae1 Bxb2 43. Re4 Bf6 44. Qh5 Qd8 45. Bxh6 Qe7 46. Bd2 Red8
47. Qh3 Bd4 48. Ne5 Bxe5 49. Rxe5 Qc7 50. Rh5 Kf8 51. Bg5 Nf6 52. Rh4 Qxa5 53.
Rxe6 Qa1+ 54. Kg2 Rxd3 55. Rxf6 gxf6 56. Qxc8+ Ke7 57. Re4+ 1-0

[Event "26th WSCC 2016 Open 65+"]
[Site "Marianske Lazne, Czech Republi"]
[Date "2016.11.30"]
[Round "11.84"]
[White "De Haro, Martim Afonso Palma"]
[Black "Rubinstein, Mark"]
[Result "0-1"]
[WhiteElo "1990"]
[BlackElo "1886"]
[PlyCount "102"]
[EventDate "2016.11.19"]

1. d4 f5 2. Bg5 h6 3. Bh4 g5 4. Bg3 Bg7 5. e3 Nf6 6. Be5 e6 7. h4 g4 8. Nc3 d6
9. Bxf6 Qxf6 10. Nge2 h5 11. Nf4 c6 12. Qd2 Nd7 13. g3 Nb6 14. Rd1 Bd7 15. b3
e5 16. Nfe2 O-O 17. a4 a5 18. Bg2 Kh7 19. O-O Bh6 20. dxe5 dxe5 21. Qd6 Qxd6
22. Rxd6 Rf7 23. Na2 Bf8 24. Rd2 Be6 25. Rfd1 Nxa4 26. bxa4 Bxa2 27. Rd7 Rb8
28. e4 Rxd7 29. Rxd7+ Kg6 30. exf5+ Kxf5 31. Nc3 Bg8 32. f3 Ke6 33. Rd1 Bc5+
34. Kh2 Bh7 35. fxg4 hxg4 36. Ne4 Be7 37. c3 Bf5 38. Kg1 b5 39. Nf2 Rb6 40.
axb5 cxb5 41. Bd5+ Kf6 42. Kg2 b4 43. cxb4 axb4 44. Ne4+ Kg6 45. Nd2 Rd6 46.
Bb3 Kf6 47. Kf2 Rd3 48. Bc4 Bc5+ 49. Ke2 Rxg3 50. Rf1 Rg2+ 51. Kd1 Rf2 0-1

[Event "26th WSCC 2016 Open 65+"]
[Site "Marianske Lazne, Czech Republi"]
[Date "2016.11.30"]
[Round "11.86"]
[White "Goetze, Peter"]
[Black "Baeta, Marcio Netto"]
[Result "0-1"]
[WhiteElo "1862"]
[BlackElo "1981"]
[PlyCount "36"]
[EventDate "2016.11.19"]

1. Nc3 d5 2. e4 dxe4 3. Nxe4 Nf6 4. Ng3 h5 5. Bc4 h4 6. N3e2 Bg4 7. h3 Bh5 8.
d4 c5 9. c3 cxd4 10. Qxd4 Nc6 11. Qxd8+ Rxd8 12. Bb5 e5 13. Be3 a6 14. Bxc6+
bxc6 15. Nf3 Nd7 16. O-O e4 17. Nfd4 c5 18. Nc6 Rc8 0-1

[Event "26th WSCC 2016 Open 65+"]
[Site "Marianske Lazne, Czech Republi"]
[Date "2016.11.30"]
[Round "11.87"]
[White "Simkin, Alexander"]
[Black "Green, Per"]
[Result "1/2-1/2"]
[WhiteElo "1782"]
[BlackElo "1967"]
[PlyCount "113"]
[EventDate "2016.11.19"]

1. e4 e6 2. d4 d5 3. Nc3 Bb4 4. e5 b6 5. a3 Bf8 6. Nf3 Ne7 7. Bd3 Ba6 8. O-O
Bxd3 9. Qxd3 Qd7 10. Ne2 Ng6 11. Ng5 h6 12. Nh3 c5 13. c3 Nc6 14. Kh1 cxd4 15.
cxd4 Rc8 16. Bd2 Nge7 17. Ng3 g6 18. Ne2 Nf5 19. Bc3 Be7 20. Ng3 Nh4 21. Ne2 h5
22. Bd2 Nf5 23. Ng5 Qd8 24. Nf3 Kf8 25. Ng3 Nh6 26. Rac1 h4 27. Ne2 Nf5 28. h3
$11 Kg7 29. Nh2 Qd7 30. Ng4 Nb8 31. Ne3 Nh6 32. Ng4 Nxg4 33. hxg4 Rxc1 34. Rxc1
Rc8 35. Rxc8 Qxc8 36. f4 Nc6 37. Qe3 Qh8 38. Qf3 f5 39. exf6+ Bxf6 40. Qd3 Qc8
41. g5 Bd8 42. Qh3 Ne7 43. Bc3 Nf5 44. g4 hxg3 45. Nxg3 Nxg3+ 46. Qxg3 Bc7 47.
Qh4 Qh8 48. Qxh8+ Kxh8 49. Bd2 b5 50. Kg2 Kg7 51. Kf3 Kf7 52. Ke3 Ke7 53. b4
$11 Bd6 54. Kd3 Kd7 55. Kc3 a5 56. Kd3 Kc6 57. Kc3 $11 1/2-1/2

[Event "26th WSCC 2016 Open 65+"]
[Site "Marianske Lazne, Czech Republi"]
[Date "2016.11.30"]
[Round "11.88"]
[White "Taksrud, Vidar"]
[Black "Dubinsky, Alexander"]
[Result "1-0"]
[WhiteElo "1964"]
[BlackElo "1858"]
[PlyCount "101"]
[EventDate "2016.11.19"]

1. d4 f5 2. e4 d5 3. exd5 Qxd5 4. Nc3 Qd8 5. Nf3 Nf6 6. Bc4 Nc6 7. O-O Na5 8.
Bb5+ c6 9. Bd3 e6 10. Re1 Be7 11. Qe2 Nd5 12. Nxd5 cxd5 13. Ne5 O-O 14. Bd2 Nc6
15. Nxc6 bxc6 16. c4 Bd6 17. c5 Bc7 18. f4 Qh4 19. Rf1 Rf6 20. Rf3 Qh5 21. b4
Rb8 22. a4 Qe8 23. Rff1 Bd7 24. Rfb1 Rf8 25. b5 Qf7 26. bxc6 Bxc6 27. Bb5 Qd7
28. Ra3 a6 29. Bd3 Rxb1+ 30. Bxb1 Rb8 31. Bc2 g6 32. Qxa6 Ra8 33. Qe2 Kf7 34.
a5 Qd8 35. a6 Ra7 36. Rh3 h5 37. Bd3 Qf6 38. Qe3 Qd8 39. Rg3 Qf6 40. Rf3 Qd8
41. Rf1 Qe8 42. Re1 Qc8 43. h3 Bd7 44. Qe2 Qh8 45. Rb1 Qxd4+ 46. Be3 Qa4 47. c6
d4 48. Bb5 Qa3 49. Bxd4 Ra8 50. cxd7 Qd6 51. Qe5 1-0

[Event "26th WSCC 2016 Open 65+"]
[Site "Marianske Lazne, Czech Republi"]
[Date "2016.11.30"]
[Round "11.89"]
[White "Horak, Miroslav"]
[Black "Bauder, Herbert"]
[Result "0-1"]
[WhiteElo "1686"]
[BlackElo "1963"]
[PlyCount "98"]
[EventDate "2016.11.19"]

1. e4 c5 2. Nc3 a6 3. f4 Nc6 4. Nf3 g6 5. d4 cxd4 6. Nxd4 Bg7 7. Be3 d6 8. Be2
e6 9. Qd2 Nge7 10. Bf3 O-O 11. O-O Bd7 12. Rad1 Na5 13. b3 Qc7 14. Nce2 e5 15.
fxe5 dxe5 16. Nf5 Bxf5 17. exf5 Nxf5 18. Bf2 Rad8 19. Qc3 Qxc3 20. Nxc3 Rc8 21.
Rd5 Nc6 22. Bc5 $11 Nce7 23. Bxe7 Nxe7 24. Rd3 Rc7 25. Bd1 f5 26. Nd5 Nxd5 27.
Rxd5 e4 28. c4 Rff7 29. Be2 Bf8 30. g3 $11 Rcd7 31. Rfd1 Rxd5 32. Rxd5 b6 33.
Rd8 Kg7 34. Kg2 a5 35. Rd5 Kf6 36. Bd1 Ke6 37. Bc2 Rd7 38. Rxd7 Kxd7 39. Bd1
Kd6 40. Kf1 Ke5 41. Ke2 Bh6 42. Kf2 Kd4 43. Ke2 g5 44. g4 f4 45. h3 Bf8 46. Bc2
Bc5 47. Bb1 Ke5 48. Bc2 f3+ 49. Kf1 Kf4 0-1

[Event "26th WSCC 2016 Open 65+"]
[Site "Marianske Lazne, Czech Republi"]
[Date "2016.11.30"]
[Round "11.90"]
[White "Klus, Jan"]
[Black "Hartlaub, Marianne"]
[Result "1-0"]
[WhiteElo "1694"]
[BlackElo "1558"]
[PlyCount "87"]
[EventDate "2016.11.19"]

1. e4 d6 2. d4 Nf6 3. Nc3 c6 4. Nf3 Bg4 5. h3 Bh5 6. Bd3 e5 7. dxe5 dxe5 8. O-O
Nbd7 9. Re1 Qc7 10. Qe2 Rd8 11. Bg5 Be7 12. a3 b5 13. g4 Bg6 14. b4 h6 15. Bh4
O-O 16. Bg3 Rfe8 17. Nh4 Bh7 18. Nf5 Bxf5 19. gxf5 a6 20. Nd1 c5 21. bxc5 Nxc5
22. Nc3 Nxd3 23. cxd3 Qd6 24. Rad1 Qd4 25. Na2 Qb6 26. Kg2 Nh7 27. f4 exf4 28.
Bxf4 Qf6 29. Qg4 Bd6 30. Nb4 Bxf4 31. Qxf4 a5 32. Nd5 Qe5 33. Qxe5 Rxe5 34. h4
Nf8 35. Kf3 Nd7 36. d4 Ree8 37. Rg1 Rc8 38. Rge1 Kh7 39. Rc1 Rc4 40. Rxc4 bxc4
41. Rc1 g6 42. fxg6+ fxg6 43. e5 Nf8 44. Nf6+ 1-0

[Event "26th WSCC 2016 Open 65+"]
[Site "Marianske Lazne, Czech Republi"]
[Date "2016.11.30"]
[Round "11.91"]
[White "Cao, Jorge"]
[Black "Novak, Jaromir"]
[Result "1-0"]
[WhiteElo "1962"]
[BlackElo "1843"]
[PlyCount "52"]
[EventDate "2016.11.19"]

1. d4 d5 2. c4 c6 3. Nc3 Nf6 4. Nf3 e6 5. e3 Bd6 6. Bd3 O-O 7. O-O dxc4 8. Bxc4
Nbd7 9. e4 e5 10. Bg5 Qc7 11. h3 Kh8 12. Rc1 Ne8 13. Bb3 Qb8 14. dxe5 Bb4 15.
a3 Bxc3 16. Rxc3 Nxe5 17. Nxe5 Qxe5 18. f4 Qc7 19. Bd8 Qd6 20. e5 Qxd1 21. Rxd1
Be6 22. Bc7 Rg8 23. f5 Bxb3 24. Rxb3 b6 25. Rd7 g5 26. f6 Rc8 1-0

[Event "26th WSCC 2016 Open 65+"]
[Site "Marianske Lazne, Czech Republi"]
[Date "2016.11.30"]
[Round "11.93"]
[White "Schwertel, Johann"]
[Black "Svoboda, Jaroslav"]
[Result "1-0"]
[WhiteElo "1961"]
[BlackElo "1712"]
[PlyCount "79"]
[EventDate "2016.11.19"]

1. d4 c5 2. e3 cxd4 3. exd4 e6 4. Nf3 Nc6 5. c3 Nge7 6. Bd3 Ng6 7. O-O Nce7 8.
Re1 h6 9. Ne5 Nxe5 10. Rxe5 Nc6 11. Re1 Ne7 12. Nd2 b6 13. Be4 Rb8 14. Nf1 g5
15. g3 Bb7 16. d5 Bg7 17. dxe6 dxe6 18. Qa4+ Qd7 19. Qxa7 O-O 20. Bxb7 Rxb7 21.
Qa3 b5 22. Qb3 Rc8 23. Be3 b4 24. cxb4 Nd5 25. a3 g4 26. Rad1 h5 27. Bd4 h4 28.
Bxg7 Kxg7 29. Qd3 Qc6 30. Qe4 Nf6 31. Qxc6 Rxc6 32. Rc1 Rxc1 33. Rxc1 h3 34.
Ne3 Kg6 35. Kf1 Rd7 36. Ke2 Kg5 37. Rc5+ Nd5 38. Nxd5 exd5 39. b5 f5 40. a4 1-0

[Event "26th WSCC 2016 Open 65+"]
[Site "Marianske Lazne, Czech Republi"]
[Date "2016.11.30"]
[Round "11.94"]
[White "Mittelbach, Zdenek"]
[Black "Feco, Jan"]
[Result "1/2-1/2"]
[WhiteElo "1944"]
[BlackElo "1761"]
[PlyCount "52"]
[EventDate "2016.11.19"]

1. c4 Nf6 2. Nc3 e5 3. Nf3 Nc6 4. d4 exd4 5. Nxd4 Nxd4 6. Qxd4 c6 7. e3 Be7 8.
Bd3 O-O 9. O-O d6 10. b3 d5 11. Bc2 dxc4 12. Qxc4 Be6 13. Qe2 Qc7 14. h3 Qa5
15. Bb2 Rfd8 16. Rfd1 Qg5 17. Qf3 Bd6 18. Ne4 Nxe4 19. Qxe4 Qh6 20. Qf3 Be7 21.
Be5 Bd5 22. e4 Be6 23. Bc7 Rdc8 24. Be5 Qg5 25. Qg3 Qxg3 26. Bxg3 Rd8 $11
1/2-1/2

[Event "26th WSCC 2016 Open 65+"]
[Site "Marianske Lazne, Czech Republi"]
[Date "2016.11.30"]
[Round "11.95"]
[White "Kummer, Heinz"]
[Black "Ben-Zeev, Moshe"]
[Result "1/2-1/2"]
[WhiteElo "1702"]
[BlackElo "1943"]
[PlyCount "27"]
[EventDate "2016.11.19"]

1. e4 c5 2. Nf3 d6 3. d4 cxd4 4. Nxd4 Nc6 5. Be2 Bd7 6. Be3 Nf6 7. Nc3 g6 8.
Qd2 Bg7 9. f3 O-O 10. O-O-O Rc8 11. Kb1 a6 12. g4 b5 13. h4 b4 14. Nd5 $11
1/2-1/2

[Event "26th WSCC 2016 Open 65+"]
[Site "Marianske Lazne, Czech Republi"]
[Date "2016.11.30"]
[Round "11.97"]
[White "Vatansever, Abdullah"]
[Black "Do Prado, Hamilton Mesquita"]
[Result "1-0"]
[WhiteElo "1938"]
[BlackElo "1672"]
[PlyCount "37"]
[EventDate "2016.11.19"]

1. d4 d5 2. c4 e5 3. dxe5 d4 4. Nf3 Nc6 5. g3 Bg4 6. Bg2 Nge7 7. O-O Ng6 8. Qa4
Be7 9. Rd1 Bxf3 10. Bxf3 Ngxe5 11. Bg2 O-O 12. a3 a5 13. Nc3 Qd7 14. Nd5 Qd8
15. f4 Ng4 16. h3 Nf6 17. Kh2 Qd6 18. e4 dxe3 19. Bxe3 1-0

[Event "26th WSCC 2016 Open 65+"]
[Site "Marianske Lazne, Czech Republi"]
[Date "2016.11.30"]
[Round "11.98"]
[White "Benson, Lachlan"]
[Black "Usselman, Paul"]
[Result "1/2-1/2"]
[WhiteElo "1988"]
[BlackElo "1798"]
[PlyCount "34"]
[EventDate "2016.11.19"]

1. e4 c5 2. Nf3 a6 3. d4 cxd4 4. Nxd4 Nf6 5. Nc3 e5 6. Nf3 Bb4 7. Bd2 d6 8. Bd3
O-O 9. h3 Nc6 10. a3 Bxc3 11. Bxc3 d5 12. Qe2 dxe4 13. Bxe4 Nxe4 14. Qxe4 Re8
15. O-O Qf6 16. Rfe1 Bf5 17. Qe2 Re6 1/2-1/2